| 000 | 00486nam a22001937a 4500 | ||
|---|---|---|---|
| 003 | OSt | ||
| 005 | 20140310182800.0 | ||
| 008 | 130213t xxu||||| |||| 00| 0 eng d | ||
| 020 | _a9789380540214 | ||
| 050 |
_aG 155.7 _b.C552 2010 |
||
| 100 | _aChoudhary, Vikash | ||
| 245 |
_aEducational tourism / _cChoudhary, Vikash |
||
| 260 |
_aNew Delhi : _b Centrum Press, _c 2010. |
||
| 300 |
_a320 p. : _c21 cm. |
||
| 521 | _aTOU | ||
| 562 | _e1 | ||
| 942 |
_2lcc _cBK _kFOR |
||
| 999 |
_c15955 _d15955 |
||